• Marañón y Bertrán de Lis, Gregorio,

di Personal Name

Records bibliografici associati: 1

001 - CONTROL NUMBER

  • control field: 23260

003 - CONTROL NUMBER IDENTIFIER

  • control field: IT-RoINE

005 - DATE AND TIME OF LATEST TRANSACTION

  • control field: 20170912102034.0

008 - FIXED-LENGTH DATA ELEMENTS

  • fixed length control field: 160401|| aca||aabn | a|a d

040 ## - CATALOGING SOURCE

  • Original cataloging agency: IT-RoINE
  • Transcribing agency: IT-RoINE

100 1# - HEADING--PERSONAL NAME

  • Personal name: Marañón y Bertrán de Lis, Gregorio,
  • Dates associated with a name: 1942-

670 ## - SOURCE DATA FOUND

  • Source citation: Work cat.: (IT-RoINE)0: Marañón y Bertrán de Lis, Gregorio 1942-, Memorias del Cigarral, 1552-2015 /, 2015.